Solid property returns continue (Record no. 117112)
[ view plain ]
| 000 -LEADER | |
|---|---|
| fixed length control field | 01211cam a2200253 4500 |
| 001 - CONTROL NUMBER | |
| control field | WB4011-05 |
| 008 - FIXED-LENGTH DATA ELEMENTS--GENERAL INFORMATION | |
| fixed length control field | 040317n2004 000 0 eng u |
| 035 ## - SYSTEM CONTROL NUMBER | |
| System control number | (Sirsi) u125443 |
| 245 ## - TITLE STATEMENT | |
| Title | Solid property returns continue |
| 260 ## - PUBLICATION, DISTRIBUTION, ETC. | |
| Date of publication, distribution, etc. | 2004 |
| 490 ## - SERIES STATEMENT | |
| Series statement | IPD Press Release |
| Volume/sequential designation | 16 March 2004 (2) |
| 520 ## - SUMMARY, ETC. | |
| Summary, etc. | The "IPD UK monthly index" for 12 months to February 2004 shows property continuing its solid 2004 start in February with all property returns at 1.0%, up on 0.8% in January, and increasing marginally to 11.9% pa, their highest level in three years. Offices had a strong month reaching 0.8% in February, a return not seen in this sector since March 2001. Despite the modest improvement, property returns in February were inferior to those in gilts and equities. http://www.ipdindex.co.uk/results/indices/uk_month ly/index_uk_monthly.asp |
| 590 ## - LOCAL NOTE (RLIN) | |
| Local note | WB |
| 590 ## - LOCAL NOTE (RLIN) | |
| Local note | WB |
| 650 ## - SUBJECT ADDED ENTRY--TOPICAL TERM | |
| Topical term or geographic name entry element | EQUITIES |
| 650 ## - SUBJECT ADDED ENTRY--TOPICAL TERM | |
| Topical term or geographic name entry element | ALL-PROPERTY RETURN RATE |
| 650 ## - SUBJECT ADDED ENTRY--TOPICAL TERM | |
| Topical term or geographic name entry element | PROPERTY RETURNS |
| 650 ## - SUBJECT ADDED ENTRY--TOPICAL TERM | |
| Topical term or geographic name entry element | GILTS |
| 650 ## - SUBJECT ADDED ENTRY--TOPICAL TERM | |
| Topical term or geographic name entry element | PROPERTY-COMMERCIAL PROPERTY-RETAIL PROPERTY-RETAIL PROPERTY MARKET |
| 650 ## - SUBJECT ADDED ENTRY--TOPICAL TERM | |
| Topical term or geographic name entry element | OFFICE MARKET |
| 650 ## - SUBJECT ADDED ENTRY--TOPICAL TERM | |
| Topical term or geographic name entry element | INDUSTRIAL MARKET |
| 690 ## - LOCAL SUBJECT ADDED ENTRY--TOPICAL TERM (OCLC, RLIN) | |
| Topical term or geographic name as entry element | COMMERCIAL PROPERTY-INVESTMENT |
| 942 ## - ADDED ENTRY ELEMENTS (KOHA) | |
| Suppress in OPAC | 0 |
| Withdrawn status | Lost status | Source of classification or shelving scheme | Damaged status | Not for loan | Home library | Current library | Shelving location | Date acquired | Total Checkouts | Full call number | Barcode | Date last seen | Copy number | Price effective from | Koha item type |
|---|---|---|---|---|---|---|---|---|---|---|---|---|---|---|---|
| Dewey Decimal Classification | London | London | News article | 17/03/2004 | WB4011-05 | 125443-1001 | 06/08/2019 | 1 | 06/08/2019 | News article |